Association of Chief Estates Surveyors and Property Managers in Local Government (Record no. 119953)
[ view plain ]
| 000 -LEADER | |
|---|---|
| fixed length control field | 00835cam a2200181 4500 |
| 001 - CONTROL NUMBER | |
| control field | WS115638 |
| 008 - FIXED-LENGTH DATA ELEMENTS--GENERAL INFORMATION | |
| fixed length control field | 011120n 000 0 eng u |
| 035 ## - SYSTEM CONTROL NUMBER | |
| System control number | (Sirsi) u115638 |
| 110 ## - MAIN ENTRY--CORPORATE NAME | |
| Corporate name or jurisdiction name as entry element | Association of Chief Estates Surveyors and Property Managers in Local Government |
| 9 (RLIN) | 4170 |
| 245 ## - TITLE STATEMENT | |
| Title | Association of Chief Estates Surveyors and Property Managers in Local Government |
| 520 ## - SUMMARY, ETC. | |
| Summary, etc. | Web site for this organisation which represents the chief estates and property management professionals in local authorities. Includes details of publications and meetings. |
| 650 ## - SUBJECT ADDED ENTRY--TOPICAL TERM | |
| Topical term or geographic name entry element | ORGANISATION |
| 650 ## - SUBJECT ADDED ENTRY--TOPICAL TERM | |
| Topical term or geographic name entry element | Property management |
| 9 (RLIN) | 6262 |
| 650 ## - SUBJECT ADDED ENTRY--TOPICAL TERM | |
| Topical term or geographic name entry element | LOCAL AUTHORITIES |
| 690 ## - LOCAL SUBJECT ADDED ENTRY--TOPICAL TERM (OCLC, RLIN) | |
| Topical term or geographic name as entry element | MANAGEMENT-BUSINESS MANAGEMENT-PROFESSIONAL PRACTICE |
| 856 40 - ELECTRONIC LOCATION AND ACCESS | |
| Uniform Resource Identifier | <a href="https://www.aces.org.uk">https://www.aces.org.uk</a> |
| Public note | View the website free of charge at www.aces.org.uk... |
| 942 ## - ADDED ENTRY ELEMENTS (KOHA) | |
| Suppress in OPAC | 0 |
| Withdrawn status | Lost status | Source of classification or shelving scheme | Damaged status | Not for loan | Home library | Current library | Shelving location | Date acquired | Total Checkouts | Full call number | Barcode | Date last seen | Copy number | Price effective from | Koha item type |
|---|---|---|---|---|---|---|---|---|---|---|---|---|---|---|---|
| Dewey Decimal Classification | Virtual | Virtual | Online | 20/11/2001 | WEB SITE | 115638-2001 | 06/08/2019 | 1 | 06/08/2019 | Online material |